[Event "Bay Area International"]
[Site "?"]
[Date "2019.01.04"]
[Round "5"]
[White "Mackenzie, Dana"]
[Black "Sathiaram, Sarvadh"]
[Result "1-0"]
[WhiteElo "2012"]
[BlackElo "2046"]
[PlyCount "81"]
[EventDate "2019.??.??"]
[SourceVersionDate "2019.01.05"]

1. e4 e5 2. f4 exf4 3. Bc4 Qh4+ 4. Kf1 d6 5. d4 Be6 6. Bb3 Nf6 7. Nf3 Qh6 8.
Nc3 Nbd7 9. Qd3 O-O-O 10. Qb5 Nh5 11. Qg5 Bxb3 12. axb3 Ng3+ 13. Qxg3 fxg3 14.
Bxh6 gxh6 15. hxg3 a6 16. Nh4 Re8 17. Nf5 Nf6 18. Rh4 h5 19. Re1 Rg8 20. Nd5
Nxd5 21. exd5 Rxe1+ 22. Kxe1 Rg5 23. Rf4 Kd7 24. Kf2 f6 25. b4 Ke8 26. c4 Kf7
27. Kf3 b6 28. Ke4 Rg4 29. Kf3 Rg5 30. Ke4 Rg6 31. Rf1 Rg4+ 32. Ke3 Kg6 33.
Nh4+ Kf7 34. Nf5 h4 35. Rf4 Rg5 36. g4 h5 37. gxh5 Rxh5 38. Rf3 Kg6 39. Ke4 Kg5
40. Ra3 h3 41. Rg3# 1-0

[Event "Bay Area International"]
[Site "?"]
[Date "2019.01.04"]
[Round "5"]
[White "Marek, Matyas"]
[Black "Harazinska, Ewa"]
[Result "1/2-1/2"]
[WhiteElo "2358"]
[BlackElo "2222"]
[PlyCount "28"]
[EventDate "2019.??.??"]
[SourceVersionDate "2019.01.04"]

1. e4 c5 2. Nf3 d6 3. d4 cxd4 4. Nxd4 Nf6 5. Nc3 a6 6. f3 e5 7. Nb3 Be6 8. Be3
b5 9. Nd5 Bxd5 10. exd5 Nbd7 11. Qd2 g6 12. Be2 Rc8 13. O-O Nb6 14. f4 Nbxd5
1/2-1/2

[Event "Bay Area International"]
[Site "?"]
[Date "2019.01.04"]
[Round "5"]
[White "Mishra, Abhimanyu"]
[Black "Li, Zhaozhi"]
[Result "1/2-1/2"]
[WhiteElo "2120"]
[BlackElo "2395"]
[PlyCount "179"]
[EventDate "2019.??.??"]
[SourceVersionDate "2019.01.05"]

1. e4 c5 2. Nf3 d6 3. d4 cxd4 4. Nxd4 Nf6 5. Nc3 a6 6. h3 e5 7. Nde2 h5 8. Bg5
Be6 9. Bxf6 Qxf6 10. Nd5 Qd8 11. Qd3 Nd7 12. O-O-O g6 13. Kb1 Nc5 14. Qf3 Bg7
15. Nec3 b5 16. Ne3 Rb8 17. Be2 Bh6 18. Ka1 Kf8 19. b4 Nb7 20. Ncd5 Kg7 21. h4
Rc8 22. c3 Rc6 23. Kb2 Rc8 24. g3 Rc6 25. Rhg1 Rc8 26. Rgf1 Bh3 27. Rh1 Be6 28.
Rhf1 Rc6 29. Rg1 Bd7 30. a3 Rc8 31. Rh1 Be6 32. Rhg1 Kf8 33. Rh1 Bg7 34. Rdg1
Rc6 35. Rd1 Qc8 36. Bd3 Bh6 37. Qf6 Bg7 38. Qf3 Qd8 39. Bc2 Rc8 40. Bd3 Rb8 41.
Rhg1 Qd7 42. Bc2 Nd8 43. Nf6 Qe7 44. Ned5 Qa7 45. Bb3 Nc6 46. Rge1 Qb7 47. Rd3
Rd8 48. Red1 Na7 49. Ne3 Bxb3 50. Kxb3 Qe7 51. Ned5 Qe6 52. Kb2 Nc8 53. Ra1
Bxf6 54. Qxf6 Qxf6 55. Nxf6 Nb6 56. Nd5 Nc4+ 57. Kb3 f5 58. exf5 gxf5 59. a4
Rh7 60. axb5 axb5 61. Ne3 Rc8 62. Rd5 Rg7 63. Nxc4 bxc4+ 64. Kc2 Rd7 65. f4 Rg7
66. fxe5 dxe5 67. Rxe5 Rxg3 68. Rxf5+ Kg7 69. Raf1 Re8 70. R5f3 Re2+ 71. Kd1
Rgg2 72. Rg1 Rxg1+ 73. Kxe2 Rg4 74. Ke3 Rxh4 75. Rf4 Rxf4 76. Kxf4 Kf6 77. Kg3
Ke5 78. Kh4 Ke4 79. Kxh5 Kd3 80. b5 Kxc3 81. b6 Kd2 82. b7 c3 83. b8=Q c2 84.
Qb2 Kd1 85. Qd4+ Kc1 86. Kg4 Kb1 87. Qb4+ Ka1 88. Qa3+ Kb1 89. Qb3+ Ka1 90.
Qxc2 1/2-1/2

[Event "Bay Area International"]
[Site "?"]
[Date "2019.01.04"]
[Round "5"]
[White "Naroditsky, Daniel"]
[Black "Hong, Andrew"]
[Result "1-0"]
[WhiteElo "2616"]
[BlackElo "2390"]
[PlyCount "101"]
[EventDate "2019.??.??"]
[SourceVersionDate "2019.01.04"]

1. d4 d5 2. Nc3 Nf6 3. Bf4 e6 4. Nb5 Bb4+ 5. c3 Ba5 6. e3 O-O 7. Bd3 c6 8. Nd6
Bc7 9. Nxc8 Qxc8 10. Bg5 Nbd7 11. Qf3 Re8 12. g4 e5 13. Bxf6 Nxf6 14. Bf5 Qd8
15. dxe5 Bxe5 16. Ne2 Ne4 17. Ng3 Nd6 18. Bd3 b5 19. Rd1 Nc4 20. Bxc4 bxc4 21.
O-O Rb8 22. e4 Qf6 23. Qxf6 Bxf6 24. exd5 cxd5 25. Rd2 g6 26. Rfd1 Re6 27. f4
Be7 28. f5 Reb6 29. Rxd5 Rxb2 30. Ne4 Rxa2 31. Rd7 Bf8 32. Rd8 Rab2 33. R1d4
Rxd8 34. Rxd8 Rb5 35. h4 Kg7 36. f6+ Kg8 37. Kg2 a5 38. Ra8 h6 39. Kf3 Rd5 40.
Kf4 Rb5 41. Nd2 Rb6 42. g5 hxg5+ 43. hxg5 Rc6 44. Nf3 a4 45. Ne5 Rd6 46. Ng4 a3
47. Nh6+ Kh7 48. Rxf8 a2 49. Nxf7 Rxf6+ 50. gxf6 g5+ 51. Kxg5 1-0

[Event "Bay Area International"]
[Site "?"]
[Date "2019.01.04"]
[Round "5"]
[White "Ostrovskiy, Aleksandr"]
[Black "Kumar, Nikhil"]
[Result "1-0"]
[WhiteElo "2439"]
[BlackElo "2281"]
[PlyCount "93"]
[EventDate "2019.??.??"]
[SourceVersionDate "2019.01.04"]

1. e4 e5 2. Nf3 Nc6 3. Bc4 Bc5 4. O-O Nf6 5. d3 O-O 6. c3 d5 7. exd5 Nxd5 8. a4
Bf5 9. Nbd2 Nb6 10. Bb5 Ne7 11. Ne4 a6 12. Nxc5 axb5 13. Nxe5 Nxa4 14. Nxa4
Rxa4 15. Rxa4 bxa4 16. Qxa4 Bxd3 17. Nxd3 Qxd3 18. Qb4 Nd5 19. Qxb7 h6 20. Qc6
Rd8 21. Re1 Qc2 22. h3 Nf6 23. Bxh6 Rd6 24. Qa8+ Kh7 25. Bf4 Rb6 26. Bxc7 Rxb2
27. Qf3 Rb5 28. Be5 Qd2 29. Qe2 Qxe2 30. Rxe2 Nd5 31. c4 Rb1+ 32. Kh2 Nb4 33.
Rb2 Rxb2 34. Bxb2 g5 35. g4 Kg6 36. Kg3 f5 37. Ba3 Nc6 38. Bd6 Nd4 39. Be5 f4+
40. Kg2 Nc6 41. Bc3 Nd8 42. Kf3 Kf7 43. Ke4 Ke6 44. f3 Nc6 45. c5 Na7 46. Be1
Nc6 47. h4 1-0

[Event "Bay Area International"]
[Site "?"]
[Date "2019.01.04"]
[Round "5"]
[White "Peng, Shunkai"]
[Black "Jones, Craig"]
[Result "1-0"]
[WhiteElo "2285"]
[BlackElo "2138"]
[PlyCount "101"]
[EventDate "2019.??.??"]
[SourceVersionDate "2019.01.04"]

1. e4 c6 2. d3 d5 3. Nd2 e5 4. g3 Nf6 5. Bg2 Bc5 6. Ngf3 O-O 7. O-O Re8 8. b3
Bg4 9. h3 Bh5 10. Qe2 Nbd7 11. Bb2 a5 12. a3 Qc7 13. Rfe1 Rad8 14. Qf1 Ba7 15.
b4 b5 16. Rac1 axb4 17. axb4 Qd6 18. Ba3 Ra8 19. Ra1 Bxf3 20. Nxf3 d4 21. Nh4
c5 22. Reb1 cxb4 23. Bxb4 Bc5 24. Bd2 Rxa1 25. Rxa1 Bb4 26. Nf5 Qf8 27. Bxb4
Qxb4 28. Qb1 Qxb1+ 29. Rxb1 Rb8 30. f4 g6 31. Ne7+ Kf8 32. Nc6 Rc8 33. fxe5
Rxc6 34. exf6 Rxc2 35. Rxb5 Nxf6 36. Rb4 Rc1+ 37. Kh2 Ke7 38. Rxd4 Rd1 39. e5
Nd7 40. Rd5 Nf8 41. h4 Rd2 42. Kg1 Ke6 43. Rd8 Ke7 44. Rd6 Nd7 45. d4 h5 46.
Kf1 Nxe5 47. dxe5 Rxd6 48. exd6+ Kxd6 49. Ke2 f6 50. Be4 f5 51. Bc2 1-0

[Event "Bay Area International"]
[Site "?"]
[Date "2019.01.04"]
[Round "5"]
[White "Polavaram, Rithik"]
[Black "Wu, Rochelle"]
[Result "0-1"]
[WhiteElo "2056"]
[BlackElo "2154"]
[PlyCount "146"]
[EventDate "2019.??.??"]
[SourceVersionDate "2019.01.04"]

1. d4 d5 2. c4 c6 3. Nc3 Nf6 4. e3 e6 5. Nf3 a6 6. Qc2 c5 7. b3 cxd4 8. exd4
Nc6 9. Be3 Be7 10. Be2 O-O 11. O-O b6 12. Rfd1 Bb7 13. Qb2 Rc8 14. Ne5 Na5 15.
Rac1 h6 16. Na4 Rb8 17. Bf4 g5 18. Bd2 dxc4 19. bxc4 Nc6 20. Be3 Ba8 21. Bf3
Qc7 22. h4 Nh7 23. Qc2 Nxe5 24. Bxa8 Ng4 25. Bf3 Qh2+ 26. Kf1 Nxe3+ 27. fxe3 g4
28. Bxg4 Kh8 29. Bf3 Rg8 30. Ke2 Bxh4 31. Rh1 Qg3 32. Qe4 Qf2+ 33. Kd3 Bg5 34.
Rc2 Qg3 35. Re2 b5 36. cxb5 axb5 37. Nc5 Ra8 38. Rc2 Ra3+ 39. Nb3 Nf6 40. Qb7
Nd5 41. Re2 Nb4+ 42. Kc3 Qd6 43. Ra1 Rb8 44. Qe4 Rc8+ 45. Kb2 f5 46. Qb1 Qa6
47. Bb7 Qxb7 48. Kxa3 Qc7 49. Nc5 Qa5+ 50. Kb3 Rxc5 51. dxc5 Qa4+ 52. Kc3 Nd5+
53. Kd2 Qa5+ 54. Kd1 Nc3+ 55. Kc2 Nxb1 56. Rxb1 Qxa2+ 57. Rb2 Qc4+ 58. Kb1 Qxc5
59. Rec2 Qd5 60. Rc8+ Kg7 61. Rb8 Qd1+ 62. Ka2 Bf6 63. R2xb5 Qc2+ 64. Ka3 Be7+
65. Rb4 Bxb4+ 66. Rxb4 Qxg2 67. Rb3 h5 68. Kb4 h4 69. Kc4 Qc2+ 70. Rc3 Qxc3+
71. Kxc3 h3 72. Kd2 h2 73. Ke2 h1=Q 0-1

[Event "Bay Area International"]
[Site "?"]
[Date "2019.01.04"]
[Round "5"]
[White "Polgar-Shutzman, Tom"]
[Black "Wang, Kevin"]
[Result "1/2-1/2"]
[WhiteElo "2181"]
[BlackElo "2450"]
[PlyCount "64"]
[EventDate "2019.??.??"]
[SourceVersionDate "2019.01.04"]

1. e4 c6 2. Nf3 d5 3. Nc3 Nf6 4. e5 Ne4 5. Ne2 Qb6 6. d4 e6 7. Nfg1 f6 8. f3
Ng5 9. exf6 gxf6 10. f4 Ne4 11. Ng3 Bd7 12. Nf3 Nxg3 13. hxg3 c5 14. Be3 Nc6
15. dxc5 Bxc5 16. Bxc5 Qxc5 17. Qd2 O-O-O 18. O-O-O Rdg8 19. Rh6 Qf8 20. Rh3
Qc5 21. Rh6 Qf8 22. Rh3 Kb8 23. Bb5 e5 24. Rh4 Qc5 25. Bxc6 Bxc6 26. fxe5 fxe5
27. Nxe5 Rxg3 28. Nxc6+ Qxc6 29. Qxd5 Qxd5 30. Rxd5 Rxg2 31. Rd7 Rc8 32. Rd2
Rxd2 1/2-1/2

[Event "Bay Area International"]
[Site "?"]
[Date "2019.01.04"]
[Round "5"]
[White "Sevian, Samuel"]
[Black "Boros, Denes"]
[Result "1/2-1/2"]
[WhiteElo "2647"]
[BlackElo "2442"]
[PlyCount "86"]
[EventDate "2019.??.??"]
[SourceVersionDate "2019.01.04"]

1. e4 Nf6 2. e5 Nd5 3. d4 d6 4. c4 Nb6 5. f4 Bf5 6. Nc3 e6 7. Nf3 Be7 8. Be2
dxe5 9. fxe5 O-O 10. O-O Nc6 11. Be3 f6 12. exf6 Bxf6 13. Qd2 Qe7 14. Rad1 Rad8
15. Qc1 e5 16. d5 Nd4 17. Bxd4 exd4 18. Nxd4 Bg5 19. Qa1 Be3+ 20. Kh1 Bxd4 21.
Rxd4 Na4 22. Nxa4 Qxe2 23. Nc3 Qe3 24. Rdd1 Bd3 25. Rfe1 Qd4 26. b3 Rf2 27. Ne4
Qxa1 28. Rxa1 Bxe4 29. Rxe4 c6 30. Kg1 Rc2 31. dxc6 bxc6 32. Rg4 Rdd2 33. a4
Rb2 34. Rg3 h5 35. Re1 h4 36. Rg4 h3 37. gxh3 Rxb3 38. Rg2 Rxg2+ 39. Kxg2 Rb4
40. Re8+ Kh7 41. c5 Rc4 42. Re5 a5 43. h4 Rxa4 1/2-1/2

[Event "Bay Area International"]
[Site "?"]
[Date "2019.01.04"]
[Round "5"]
[White "Shankar, Gauri"]
[Black "Ghazarian, Kirk"]
[Result "1-0"]
[WhiteElo "2359"]
[BlackElo "2226"]
[PlyCount "71"]
[EventDate "2019.??.??"]
[SourceVersionDate "2019.01.05"]

1. Nf3 c5 2. e4 g6 3. c4 Nc6 4. d4 cxd4 5. Nxd4 Nf6 6. Nc3 d6 7. Be2 Nxd4 8.
Qxd4 Bg7 9. Be3 O-O 10. Qd2 a5 11. O-O a4 12. Rad1 Qa5 13. Bd4 Bd7 14. Qe3 Bc6
15. Nd5 Bxd5 16. exd5 Rfe8 17. Rfe1 Nd7 18. Bxg7 Kxg7 19. Qa3 Kg8 20. Bf1 Qc5
21. Qc3 Ra6 22. Re3 Rb6 23. b3 axb3 24. axb3 e5 25. dxe6 Rxe6 26. Rxe6 fxe6 27.
Ra1 Qe5 28. Ra8+ Kg7 29. Qf3 Qf6 30. Qe3 Nc5 31. Rc8 Qf7 32. b4 Nd7 33. Rc7 Rc6
34. Rxb7 Rc8 35. Qd4+ e5 36. Qxd6 1-0

[Event "Bay Area International"]
[Site "?"]
[Date "2019.01.04"]
[Round "5"]
[White "Shen, Christopher"]
[Black "Nagarajan, Pranav"]
[Result "1-0"]
[WhiteElo "2311"]
[BlackElo "2206"]
[PlyCount "119"]
[EventDate "2019.??.??"]
[SourceVersionDate "2019.01.05"]

1. c4 c5 2. g3 g6 3. Bg2 Bg7 4. Nc3 Nc6 5. a3 a5 6. Rb1 d6 7. d3 e5 8. e4 Nge7
9. Nge2 O-O 10. O-O Rb8 11. Bd2 h6 12. Nb5 Be6 13. Nec3 f5 14. exf5 gxf5 15.
Nd5 f4 16. Be4 Bf5 17. f3 h5 18. Qe2 Nxd5 19. Bxd5+ Kh8 20. Be4 Bh3 21. Rfe1
Bh6 22. Kh1 Rg8 23. Rg1 Qd7 24. gxf4 Bxf4 25. Bxf4 exf4 26. Qd2 Rbf8 27. Qc3+
Ne5 28. d4 cxd4 29. Qxd4 Rf6 30. Rxg8+ Kxg8 31. Rg1+ Kf8 32. Bd5 Be6 33. Nc3
Rf5 34. Be4 Rf7 35. c5 Ke7 36. Nd5+ Bxd5 37. Bxd5 Rf6 38. Rg7+ Nf7 39. Bxf7
Rxf7 40. Qxd6+ Qxd6 41. cxd6+ Ke6 42. Rxf7 Kxf7 43. Kg2 Ke6 44. Kh3 Kxd6 45.
Kh4 Ke5 46. Kxh5 Kf5 47. a4 b6 48. b3 Ke5 49. Kg5 Kd4 50. h4 Kc3 51. h5 Kxb3
52. h6 Kxa4 53. h7 b5 54. h8=Q b4 55. Qa1+ Kb5 56. Kxf4 a4 57. Ke4 b3 58. Kd4
Kb4 59. Qb2 a3 60. Qc3+ 1-0

[Event "Bay Area International"]
[Site "?"]
[Date "2019.01.04"]
[Round "5"]
[White "Taghizadeh, Rayan"]
[Black "Wheeler, Cameron"]
[Result "1-0"]
[WhiteElo "2298"]
[BlackElo "2417"]
[PlyCount "43"]
[EventDate "2019.??.??"]
[SourceVersionDate "2019.01.05"]

1. d4 Nf6 2. Bf4 c5 3. d5 b5 4. a4 Bb7 5. axb5 Nxd5 6. Bg3 a6 7. bxa6 Nb4 8. a7
N8c6 9. c3 Na6 10. e4 Rxa7 11. Na3 d6 12. Nb5 Ra8 13. Nf3 Nc7 14. Rxa8 Nxa8 15.
Bc4 Nb6 16. Bd5 Qd7 17. O-O Ba6 18. c4 Nb4 19. Ng5 N4xd5 20. exd5 Nxc4 21. Nc7+
Qxc7 22. Qa4+ 1-0

[Event "Bay Area International"]
[Site "?"]
[Date "2019.01.04"]
[Round "5"]
[White "Tarjan, James"]
[Black "Daggupati, Balaji"]
[Result "1/2-1/2"]
[WhiteElo "2402"]
[BlackElo "2257"]
[PlyCount "87"]
[EventDate "2019.??.??"]
[SourceVersionDate "2019.01.05"]

1. c4 e5 2. g3 Nf6 3. Bg2 Nc6 4. Nc3 Bc5 5. Nf3 d6 6. O-O Bf5 7. d3 h6 8. e3 a6
9. d4 Ba7 10. b3 O-O 11. h3 Re8 12. a3 Qd7 13. g4 exd4 14. Nxd4 Bh7 15. Nxc6
bxc6 16. Bb2 Ne4 17. Kh1 Nc5 18. Ra2 Bd3 19. Re1 Rab8 20. Na4 Be4 21. Nxc5
Bxg2+ 22. Kxg2 Bxc5 23. b4 Ba7 24. Bd4 c5 25. bxc5 dxc5 26. Ba1 Red8 27. Qxd7
Rxd7 28. Kf3 Rb3 29. Ke2 Bb6 30. Rd1 Rxd1 31. Kxd1 Rb1+ 32. Ke2 Rc1 33. Kd3 Rh1
34. Bc3 Rxh3 35. a4 a5 36. Ra1 Rh2 37. Ke2 Rh4 38. Rg1 f6 39. Kf3 h5 40. gxh5
Kf7 41. Rg4 Rxh5 42. Ke2 Rh1 43. Kd3 c6 44. Rf4 1/2-1/2

[Event "Bay Area International"]
[Site "?"]
[Date "2019.01.04"]
[Round "5"]
[White "Venkataraman, Karthik"]
[Black "Ynojosa, Felix"]
[Result "0-1"]
[WhiteElo "2515"]
[BlackElo "2368"]
[PlyCount "132"]
[EventDate "2019.??.??"]
[SourceVersionDate "2019.01.04"]

1. e4 c5 2. Nf3 Nc6 3. Bb5 e6 4. O-O Nge7 5. d4 cxd4 6. Nxd4 Nxd4 7. Qxd4 a6 8.
Be2 Nc6 9. Qc3 b5 10. a4 b4 11. Qg3 Bb7 12. Bg5 Qb8 13. Bf4 d6 14. Nd2 Ne5 15.
Be3 h5 16. f4 h4 17. Qh3 Nd7 18. Bd4 Be7 19. Bd3 Bf6 20. Bxf6 Qa7+ 21. Kh1 gxf6
22. Nc4 Ke7 23. Rad1 d5 24. exd5 Bxd5 25. Ne3 Bc6 26. Rfe1 Qc7 27. Nf5+ Kf8 28.
Nxh4 Rh6 29. Qg4 a5 30. Re3 Rh8 31. Rxe6 fxe6 32. Ng6+ Kf7 33. Nxh8+ Rxh8 34.
Bg6+ Ke7 35. Bf5 exf5 36. Qg7+ Ke6 37. Re1+ Be4 38. Qxh8 Qxc2 39. Qg8+ Kd6 40.
b3 Bd5 41. Qg7 Kc6 42. h4 Qxb3 43. h5 Qh3+ 44. Kg1 Qxh5 45. Qe7 Qf7 46. Rc1+
Kb7 47. Qd6 Nb6 48. Rc5 b3 49. Rb5 Bc6 50. Rc5 Qe8 51. Qd2 Nxa4 52. Rxa5 b2 53.
Qb4+ Kc8 54. Rxa4 Bxa4 55. Qxb2 Qe3+ 56. Kh1 Bc6 57. Qa2 Qxf4 58. Qe6+ Kb7 59.
Qf7+ Kb6 60. Qb3+ Kc5 61. Qc3+ Qc4 62. Qe3+ Kd6 63. Kh2 Qh4+ 64. Kg1 Qe4 65.
Qa3+ Kd7 66. Qa7+ Bb7 0-1

[Event "Bay Area International"]
[Site "?"]
[Date "2019.01.04"]
[Round "5"]
[White "Wang, Justin"]
[Black "Prohaszka, Peter"]
[Result "1/2-1/2"]
[WhiteElo "2419"]
[BlackElo "2613"]
[PlyCount "44"]
[EventDate "2019.??.??"]
[SourceVersionDate "2019.01.04"]

1. e4 e5 2. Nf3 Nc6 3. Bb5 Nf6 4. O-O Nxe4 5. Re1 Nd6 6. Nxe5 Be7 7. Bf1 Nxe5
8. Rxe5 O-O 9. d4 Bf6 10. Re1 Re8 11. Rxe8+ Nxe8 12. c3 d5 13. Bd3 g6 14. Bf4
Ng7 15. Nd2 c6 16. Nf3 Bf5 17. Bxf5 Nxf5 18. Qc2 Ng7 19. Re1 Qd7 20. Be5 Bxe5
21. Nxe5 Re8 22. Kf1 Qc7 1/2-1/2

[Event "Bay Area International"]
[Site "?"]
[Date "2019.01.04"]
[Round "5"]
[White "Williams, Justus"]
[Black "Ruiz, Joshua"]
[Result "1/2-1/2"]
[WhiteElo "2316"]
[BlackElo "2459"]
[PlyCount "59"]
[EventDate "2019.??.??"]
[SourceVersionDate "2019.01.04"]

1. d4 Nf6 2. Nf3 e6 3. Bg5 h6 4. Bh4 b6 5. e3 Bb7 6. Bd3 Be7 7. c4 c5 8. Nc3
O-O 9. O-O d5 10. Bxf6 Bxf6 11. cxd5 exd5 12. dxc5 bxc5 13. Rc1 Nd7 14. Na4 d4
15. Bf5 Bxf3 16. Qxf3 Nb6 17. Nxc5 dxe3 18. fxe3 Bxb2 19. Rc2 Qe7 20. Ne4 Be5
21. Rc5 Rae8 22. Qh3 Rd8 23. Rc6 Nd5 24. Rxh6 gxh6 25. Qxh6 f6 26. Be6+ Qxe6
27. Qg6+ Kh8 28. Qh6+ Kg8 29. Qg6+ Kh8 30. Qh6+ 1/2-1/2

[Event "Bay Area International"]
[Site "?"]
[Date "2019.01.04"]
[Round "5"]
[White "Xiong, Jeffery"]
[Black "Hevia, Carlos"]
[Result "1-0"]
[WhiteElo "2672"]
[BlackElo "2476"]
[PlyCount "81"]
[EventDate "2019.??.??"]
[SourceVersionDate "2019.01.04"]

1. e4 e6 2. d4 d5 3. Nc3 Bb4 4. e5 c5 5. a3 Bxc3+ 6. bxc3 Ne7 7. Qg4 Qc7 8. Bd3
cxd4 9. Ne2 dxc3 10. Qxg7 Rg8 11. Qxh7 Nd7 12. Bf4 Nc5 13. O-O Bd7 14. Bg3 Nxd3
15. cxd3 c2 16. Rac1 Ba4 17. Nf4 Qxe5 18. Nxe6 Rxg3 19. Rfe1 Qf6 20. Nc7+ Kd8
21. Nxa8 Rg8 22. Qh3 Qf5 23. Qh4 Qg5 24. Qxg5 Rxg5 25. f4 Rg8 26. Nc7 Kd7 27.
Rxe7+ Kxe7 28. Nxd5+ Kd6 29. Ne3 Rc8 30. Kf2 Rc3 31. Ke2 b5 32. h4 Rxa3 33. h5
Rc3 34. Kd2 Rc8 35. g4 Rh8 36. h6 b4 37. Ra1 Bd7 38. Kxc2 f6 39. Ra6+ Kc5 40.
Rxa7 Be6 41. Ra6 1-0

[Event "Bay Area International"]
[Site "?"]
[Date "2019.01.04"]
[Round "5"]
[White "Yanayt, Eugene"]
[Black "Stearman, Josiah"]
[Result "1-0"]
[WhiteElo "2143"]
[BlackElo "2298"]
[PlyCount "65"]
[EventDate "2019.??.??"]
[SourceVersionDate "2019.01.05"]

1. d4 d5 2. c4 c6 3. Nf3 Nf6 4. Nc3 dxc4 5. e4 b5 6. e5 Nd5 7. a4 e6 8. Ng5 h6
9. Nge4 b4 10. Nb1 Ba6 11. Nbd2 c3 12. Nc4 Bxc4 13. Bxc4 cxb2 14. Bxb2 a5 15.
O-O Nd7 16. Qg4 Qb6 17. Rac1 g6 18. Rfd1 Be7 19. Rd3 h5 20. Qf3 Rf8 21. Rd2 Qb7
22. Rdc2 N7b6 23. Bxd5 Nxd5 24. Rxc6 Kd7 25. R6c5 Ra6 26. Qd3 Rfa8 27. Rb5 Rb6
28. Nc5+ Bxc5 29. dxc5 Rxb5 30. c6+ Ke8 31. cxb7 Rxb7 32. Qc4 Ne7 33. h3 1-0

[Event "Bay Area International"]
[Site "?"]
[Date "2019.01.04"]
[Round "5"]
[White "Yoo, Christopher"]
[Black "Ramirez, Alejandro"]
[Result "1/2-1/2"]
[WhiteElo "2388"]
[BlackElo "2567"]
[PlyCount "54"]
[EventDate "2019.??.??"]
[SourceVersionDate "2019.01.04"]

1. e4 e5 2. Nf3 Nc6 3. Bb5 Nf6 4. d3 d6 5. c3 g6 6. O-O Bg7 7. Re1 O-O 8. h3
Re8 9. Nbd2 a6 10. Ba4 b5 11. Bb3 Na5 12. Bc2 c5 13. d4 exd4 14. cxd4 cxd4 15.
Nxd4 Qb6 16. N4b3 Bb7 17. Nxa5 Qxa5 18. a4 Rac8 19. Bd3 Qb4 20. axb5 axb5 21.
Qb3 Qxb3 22. Nxb3 Nxe4 23. Bxb5 Re5 24. Be2 Nc5 25. Nxc5 Rexc5 26. Be3 Rc2 27.
Rad1 Rxb2 1/2-1/2

[Event "Bay Area International"]
[Site "?"]
[Date "2019.01.04"]
[Round "5"]
[White "Zhu, Jack"]
[Black "Costello, Alex"]
[Result "0-1"]
[WhiteElo "2364"]
[BlackElo "2231"]
[PlyCount "78"]
[EventDate "2019.??.??"]
[SourceVersionDate "2019.01.05"]

1. e4 e5 2. Nf3 Nc6 3. Nc3 Nf6 4. g3 Bc5 5. Bg2 d6 6. O-O a6 7. d3 h6 8. a3 Be6
9. b4 Ba7 10. Be3 Bxe3 11. fxe3 Ne7 12. Qe2 c6 13. Nd1 Ng6 14. c4 d5 15. exd5
cxd5 16. c5 O-O 17. Qb2 Nd7 18. Rc1 Qc7 19. Nc3 Ne7 20. Nd2 b6 21. d4 e4 22. c6
Nf6 23. b5 Ng4 24. Rfe1 a5 25. a4 f5 26. Nf1 g5 27. Rc2 Kg7 28. Rec1 Nf6 29.
Ne2 Ng6 30. Qc3 Kh7 31. Kf2 h5 32. Ke1 h4 33. Bh3 Kg7 34. Kd2 Rh8 35. Bg2 hxg3
36. hxg3 Ng4 37. Ke1 Raf8 38. Ng1 f4 39. Nh3 Nxe3 0-1

[Event "Bay Area International"]
[Site "?"]
[Date "2019.01.05"]
[Round "6"]
[White "Abrahamyan, Tatev"]
[Black "Venkataraman, Karthik"]
[Result "0-1"]
[WhiteElo "2377"]
[BlackElo "2515"]
[PlyCount "76"]
[EventDate "2019.??.??"]
[SourceVersionDate "2019.01.05"]

1. e4 c5 2. Nf3 d6 3. d4 Nf6 4. Nc3 cxd4 5. Nxd4 a6 6. f3 e6 7. Be3 h5 8. Qd2
Be7 9. O-O-O b5 10. Bd3 Bb7 11. h3 h4 12. Rhg1 Nbd7 13. g4 hxg3 14. Rxg3 g6 15.
a3 Rc8 16. Kb1 Ne5 17. Qf2 d5 18. Nde2 Nxd3 19. cxd3 Qd7 20. Bd4 Rh7 21. Qg1 a5
22. Nc1 b4 23. axb4 axb4 24. N3a2 Qc7 25. b3 Nh5 26. Rg4 Nf4 27. Rd2 e5 28. Bb2
Rxh3 29. d4 dxe4 30. dxe5 Rxf3 31. Rh2 e3 32. Rh8+ Bf8 33. Qh2 e2 34. Rxf4 Rxf4
35. Qxe2 Be4+ 36. Ka1 Qc2 37. Qb5+ Ke7 38. Qxb4+ Ke6 0-1

[Event "Bay Area International"]
[Site "?"]
[Date "2019.01.05"]
[Round "6"]
[White "Ali Marandi, Cemil Can"]
[Black "Escalanate Ramirez, Brian"]
[Result "1/2-1/2"]
[WhiteElo "2530"]
[BlackElo "2446"]
[PlyCount "81"]
[EventDate "2019.??.??"]

1. d4 Nf6 2. Bf4 g6 3. Nc3 d5 4. e3 Bg7 5. h4 h5 6. Qd2 c6 7. Nf3 O-O 8. Ne5
Nfd7 9. O-O-O Nxe5 10. Bxe5 f6 11. Bxb8 Rxb8 12. Bd3 f5 13. Ne2 e5 14. dxe5
Bxe5 15. Nf4 Qf6 16. c4 Bxf4 17. exf4 Be6 18. Qc2 dxc4 19. Bxc4 Bxc4 20. Qxc4+
Qf7 21. Qxf7+ Rxf7 22. Rhe1 Kg7 23. Kc2 Rbf8 24. Kc3 Rc7 25. a4 Rff7 26. a5
Rfd7 27. Rxd7+ Rxd7 28. Re8 Kf7 29. Ra8 a6 30. Rb8 Kg7 31. b4 Kf7 32. g3 Kg7
33. Kc4 Kf7 34. f3 Kg7 35. Re8 Kf7 36. Re5 Rd1 37. Kc5 Rb1 38. Re3 Rc1+ 39. Kb6
Rb1 40. Kxb7 c5 41. Kb6 1/2-1/2

[Event "Bay Area International"]
[Site "?"]
[Date "2019.01.05"]
[Round "6"]
[White "Bai, Jinshi"]
[Black "Naroditsky, Daniel"]
[Result "1/2-1/2"]
[WhiteElo "2572"]
[BlackElo "2616"]
[PlyCount "37"]
[EventDate "2019.??.??"]
[SourceVersionDate "2019.01.05"]

1. d4 Nf6 2. c4 g6 3. Nc3 Bg7 4. e4 d6 5. Nf3 O-O 6. Be2 e5 7. dxe5 dxe5 8. O-O
Nc6 9. Bg5 Qxd1 10. Rfxd1 Bg4 11. h3 Bxf3 12. Bxf3 Nd4 13. Nd5 Nxd5 14. cxd5 c6
15. dxc6 bxc6 16. Rac1 a5 17. Rd2 Rfb8 18. Bd1 Bf8 19. Be3 1/2-1/2

[Event "Bay Area International"]
[Site "?"]
[Date "2019.01.05"]
[Round "6"]
[White "Bick, Gabriel"]
[Black "Yanayt, Eugene"]
[Result "1-0"]
[WhiteElo "2381"]
[BlackElo "2143"]
[PlyCount "75"]
[EventDate "2019.??.??"]
[SourceVersionDate "2019.01.05"]

1. e4 c5 2. Nf3 d6 3. Bb5+ Bd7 4. Bxd7+ Qxd7 5. O-O Nc6 6. Qe2 Nf6 7. Rd1 e6 8.
d4 cxd4 9. Nxd4 Be7 10. c4 Nxd4 11. Rxd4 Qc6 12. Nc3 O-O 13. b3 Rfd8 14. Ba3 a6
15. Rad1 b5 16. Qd2 Qb6 17. Bxd6 Bxd6 18. Rxd6 Rxd6 19. Qxd6 Qxd6 20. Rxd6 b4
21. Na4 Nxe4 22. Rd3 Kf8 23. f3 Nf6 24. Nb6 Ra7 25. Kf2 Ke8 26. Rd6 Rc7 27. Na8
Ra7 28. Rxa6 Rd7 29. Ke2 Kd8 30. Nb6 Rb7 31. Kd3 Ne8 32. c5 Nc7 33. Ra5 f5 34.
Kd4 Nd5 35. Ra8+ Ke7 36. Nxd5+ exd5 37. c6 Rc7 38. Kxd5 1-0

[Event "Bay Area International"]
[Site "?"]
[Date "2019.01.05"]
[Round "6"]
[White "Bruzon, Lazaro"]
[Black "Dragun, Kamil"]
[Result "1/2-1/2"]
[WhiteElo "2664"]
[BlackElo "2578"]
[PlyCount "103"]
[EventDate "2019.??.??"]

1. e4 e5 2. Nf3 Nf6 3. Nxe5 d6 4. Nf3 Nxe4 5. Qe2 Qe7 6. d3 Nf6 7. Bg5 Qxe2+ 8.
Bxe2 Be7 9. Nc3 c6 10. h3 Na6 11. O-O-O Nc7 12. Rde1 Bd7 13. Bd1 Ne6 14. Bd2
O-O-O 15. Ng5 Rhf8 16. f4 Rde8 17. Nf3 Nc7 18. Ne2 Bd8 19. g4 c5 20. Ng3 Rxe1
21. Rxe1 g6 22. c3 Bc6 23. f5 Nd7 24. Ne4 Bxe4 25. dxe4 Bf6 26. Bb3 Bg7 27. Bf4
Ne8 28. g5 Ne5 29. Bxe5 Bxe5 30. Nxe5 dxe5 31. Rd1 b5 32. Rd5 c4 33. Bc2 Nc7
34. Rd6 Rd8 35. Rf6 Rd7 36. a4 a6 37. h4 Kb7 38. a5 Ne8 39. Rb6+ Ka7 40. Rc6
Rc7 41. Rb6 Rb7 42. Rc6 Rc7 43. Rxc7+ Nxc7 44. h5 Ne8 45. h6 Nd6 46. Kd2 Kb7
47. Ke3 Kc6 48. b4 Kd7 49. Bd1 Kd8 50. Bg4 Ke7 51. Bh3 Kf8 52. Bg4 1/2-1/2